The miracle morning for parents & families : (Record no. 297872)
[ view plain ]
| 000 -LEADER | |
|---|---|
| fixed length control field | 01684cam a2200445Ii 4500 |
| 001 - CONTROL NUMBER | |
| control field | ocn960723432 |
| 003 - CONTROL NUMBER IDENTIFIER | |
| control field | OCoLC |
| 005 - DATE AND TIME OF LATEST TRANSACTION | |
| control field | 20200320202753.0 |
| 008 - FIXED-LENGTH DATA ELEMENTS--GENERAL INFORMATION | |
| fixed length control field | 161014s2016 cau 000 0 eng d |
| 020 ## - INTERNATIONAL STANDARD BOOK NUMBER | |
| International Standard Book Number | 9781942589082 |
| 020 ## - INTERNATIONAL STANDARD BOOK NUMBER | |
| International Standard Book Number | 1942589085 |
| 020 ## - INTERNATIONAL STANDARD BOOK NUMBER | |
| Terms of availability | 19.95 |
| 035 ## - SYSTEM CONTROL NUMBER | |
| System control number | (OCoLC)960723432 |
| 040 ## - CATALOGING SOURCE | |
| Original cataloging agency | GL5 |
| Language of cataloging | eng |
| Description conventions | rda |
| Transcribing agency | GL5 |
| Modifying agency | OCLCF |
| -- | WACOL |
| 049 ## - LOCAL HOLDINGS (OCLC) | |
| Holding library | WACL |
| 082 04 - DEWEY DECIMAL CLASSIFICATION NUMBER | |
| Classification number | 649.1 |
| Edition number | 23 |
| 092 ## - LOCALLY ASSIGNED DEWEY CALL NUMBER (OCLC) | |
| Classification number | 649.1 |
| Item number | Elr |
| 100 1# - MAIN ENTRY--PERSONAL NAME | |
| Personal name | Elrod, Hal, |
| Dates associated with a name | 1979- |
| 9 (RLIN) | 5934935 |
| 245 14 - TITLE STATEMENT | |
| Title | The miracle morning for parents & families : |
| Remainder of title | how to bring out the best in your kids and your self / |
| Statement of responsibility, etc | Hal Elrod, Mike & Lindsay McCarthy with Honoree Corder. |
| 246 3# - VARYING FORM OF TITLE | |
| Title proper/short title | Miracle morning for parents and families |
| 264 #1 - Production, Publication, Distribution, Manufacture, and Copyright Notice. | |
| Place of production, publication, distribution, manufacture | Temecula, California : |
| Name of producer, publisher, distributor, manufacturer | Hal Elrod International, |
| Date of production, publication, distribution, manufacture, or copyr | [2016] |
| 264 #4 - Production, Publication, Distribution, Manufacture, and Copyright Notice. | |
| Date of production, publication, distribution, manufacture, or copyr | ©2016 |
| 300 ## - PHYSICAL DESCRIPTION | |
| Extent | xvi, 197 pages ; |
| Dimensions | 22 cm |
| 336 ## - Content Type | |
| Content type term | text |
| 337 ## - Media type | |
| Media type term | unmediated |
| 338 ## - Carrier type | |
| Carrier type term | volume |
| 500 ## - GENERAL NOTE | |
| General note | Foreword by Jim Sheils. |
| 520 ## - SUMMARY, ETC. | |
| Summary, etc | Develop a deep and satisfying relationship with your children, and become the amazing parent you were always meant to be! |
| 650 #0 - SUBJECT ADDED ENTRY--TOPICAL TERM | |
| Topical term or geographic name as entry element | Parenting. |
| 9 (RLIN) | 5934936 |
| 650 #0 - SUBJECT ADDED ENTRY--TOPICAL TERM | |
| Topical term or geographic name as entry element | Parents |
| General subdivision | Conduct of life. |
| 9 (RLIN) | 5934937 |
| 650 #7 - SUBJECT ADDED ENTRY--TOPICAL TERM | |
| Topical term or geographic name as entry element | Parenting. |
| Source of heading or term | fast |
| -- | (OCoLC)fst01053407 |
| 9 (RLIN) | 5934936 |
| 650 #7 - SUBJECT ADDED ENTRY--TOPICAL TERM | |
| Topical term or geographic name as entry element | Parents |
| General subdivision | Conduct of life. |
| Source of heading or term | fast |
| -- | (OCoLC)fst01053456 |
| 9 (RLIN) | 5934937 |
| 700 1# - ADDED ENTRY--PERSONAL NAME | |
| Personal name | McCarthy, Mike. |
| 9 (RLIN) | 5934938 |
| 700 1# - ADDED ENTRY--PERSONAL NAME | |
| Personal name | McCarthy, Lindsay. |
| 9 (RLIN) | 5934939 |
| 700 1# - ADDED ENTRY--PERSONAL NAME | |
| Personal name | Corder, Honore̓e. |
| 9 (RLIN) | 5934940 |
| 942 ## - ADDED ENTRY ELEMENTS (KOHA) | |
| Koha item type | BOOK |
| 948 ## - LOCAL PROCESSING INFORMATION (OCLC); SERIES PART DESIGNATOR (RLIN) | |
| Series part designator, SPT (RLIN) | 03/10/2017 |
| z (OCLC) | Sirsi |
| 994 ## - | |
| -- | C0 |
| -- | WACOL |
| 996 ## - | |
| -- | 138815 |
| -- | 34301001488685 |
| -- | NF |
| -- | bk |
| -- | wcl |
| -- | i |
| -- | 10 |
| -- | 19.95 |
| -- | amazon |
| -- | 649.1 Elr |
| -- | 03/10/2017 |
| -- | 07/23/2019 |
| -- | 06/10/2019 |
| Withdrawn status | Lost status | Source of classification or shelving scheme | Damaged status | Not for loan | Collection code | Home library | Current library | Shelving location | Date acquired | Source of acquisition | Cost, normal purchase price | Total Checkouts | Total Renewals | Full call number | Barcode | Date last seen | Date checked out | Cost, replacement price | Price effective from | Koha item type |
|---|---|---|---|---|---|---|---|---|---|---|---|---|---|---|---|---|---|---|---|---|
| Dewey Decimal Classification | General NonFiction | Wasatch County Library | Wasatch County Library | Second Floor | 03/10/2017 | Amazon | 19.95 | 14 | 6 | 649.1 Elr | 34301001488685 | 06/09/2025 | 10/30/2024 | 19.95 | 03/20/2020 | BOOK |
